Southville International School and Colleges
Your cart is empty.
  • Cart
  • Lists
    Public lists Eva Luna New books Lux_list list_1
    Your lists Log in to create your own lists
  • Log in to your account
  • Your cookies
  • Search history
Southville International School and Colleges
  • Advanced search
  • Recent comments
  • Most popular
  • Libraries

Log in to your account

Log in with GOOGLE


If you do not have an external account, but do have a local account, you can still log in:

  1. Home
  2. MARC view: Athletic identity and aggression in sports of grade 10 and 11 varsity players
Normal view MARC view ISBD view

Athletic identity and aggression in sports of grade 10 and 11 varsity players (Record no. 289046)

[ view plain ]
MARC details
000 -LEADER
fixed length control field 00793nam a22002177a 4500
003 - CONTROL NUMBER IDENTIFIER
control field 0
005 - DATE AND TIME OF LATEST TRANSACTION
control field 20250120141945.0
008 - FIXED-LENGTH DATA ELEMENTS--GENERAL INFORMATION
fixed length control field 160107b xxu||||| |||| 00| 0 eng d
050 ## - LIBRARY OF CONGRESS CALL NUMBER
Classification number PHS GV 706.4
Item number .En56 2015
100 ## - MAIN ENTRY--PERSONAL NAME
Personal name Enciso, Verne Kelvin B.
245 ## - TITLE STATEMENT
Title Athletic identity and aggression in sports of grade 10 and 11 varsity players
Remainder of title
Statement of responsibility, etc Verne Kelvin B. Enciso
260 ## - PUBLICATION, DISTRIBUTION, ETC. (IMPRINT)
Place of publication, distribution, etc Las Piñas, Philippines :
Name of publisher, distributor, etc Southville Internatonal School and Colleges,
Date of publication, distribution, etc 2015.
300 ## - PHYSICAL DESCRIPTION
Extent iii, 18 p. :
Other physical details ill. ;
Dimensions 28 cm.
504 ## - BIBLIOGRAPHY, ETC. NOTE
Bibliography, etc Includes bibliographical references.
650 ## - SUBJECT ADDED ENTRY--TOPICAL TERM
Topical term or geographic name as entry element Athletes
Form subdivision Psychology.
650 ## - SUBJECT ADDED ENTRY--TOPICAL TERM
Topical term or geographic name as entry element Sports
Form subdivision Psychological aspects.
650 ## - SUBJECT ADDED ENTRY--TOPICAL TERM
Topical term or geographic name as entry element Aggressiveness in sports.
650 ## - SUBJECT ADDED ENTRY--TOPICAL TERM
Topical term or geographic name as entry element Identity (Psychology) in adolescence.
650 ## - SUBJECT ADDED ENTRY--TOPICAL TERM
Topical term or geographic name as entry element High school athletes.
942 ## - ADDED ENTRY ELEMENTS (KOHA)
Source of classification or shelving scheme Library of Congress Classification
Koha item type PASS
Holdings
Withdrawn status Lost status Source of classification or shelving scheme Damaged status Home library Current library Shelving location Date acquired Source of acquisition Total Checkouts Full call number Barcode Date last seen Price effective from Koha item type
    Library of Congress Classification   Luxembourg Library Luxembourg Library Portfolio Assessment of SISC Students Section 01/07/2016 Donation   PHS GV 706.4 .En56 2015 P3485 11/27/2019 01/07/2016 PASS

Athletic identity and aggression in sports of grade 10 and 11 varsity players

APA

Enciso V. K. B., . (2015). Athletic identity and aggression in sports of grade 10 and 11 varsity players. Las Piñas, Philippines: Southville Internatonal School and Colleges.

Chicago

Enciso Verne Kelvin B, . 2015. Athletic identity and aggression in sports of grade 10 and 11 varsity players. Las Piñas, Philippines: Southville Internatonal School and Colleges.

Harvard

Enciso V. K. B., . (2015). Athletic identity and aggression in sports of grade 10 and 11 varsity players. Las Piñas, Philippines: Southville Internatonal School and Colleges.

MLA

Enciso Verne Kelvin B, . Athletic identity and aggression in sports of grade 10 and 11 varsity players. Las Piñas, Philippines: Southville Internatonal School and Colleges. 2015.

  • Print
  • Cite
  • Add to your cart (remove)
  • Save record
    BIBTEX Dublin Core MARCXML MARC (non-Unicode/MARC-8) MARC (Unicode/UTF-8) MARC (Unicode/UTF-8, Standard) MODS (XML) RIS
  • More searches
    Search for this title in:
    Other Libraries (WorldCat) Other Databases (Google Scholar) Online Stores (Bookfinder.com) Open Library (openlibrary.org)

Exporting to Dublin Core...

SOUTHVILLE LIBRARY

Southville International School and Colleges Library

1281 Tropical Ave. Cor. Luxembourg St., BF Homes International, Las Pinas City

Tel. No. 8256374 / 252358 Loc. 117/146

Powered by Koha